| 000 | 01034cam a2200313 a 4500 | ||
|---|---|---|---|
| 003 | CHAP | ||
| 005 | 20220329142213.0 | ||
| 008 | 000214d1985 us a r 00010 eng d | ||
| 010 | _a79868 | ||
| 011 | _a80840 | ||
| 020 | _a0914845632 | ||
| 035 | _a91294 | ||
| 040 | _cCHAP | ||
| 082 | 0 | 4 |
_a001.6424 _bH5 |
| 100 | 0 | 0 |
_aHergert, Douglas. _953733 |
| 245 | 1 | 0 |
_adbase III : _bthe microsoft desktop dictionary and cross- reference guide, command perfomance _c/by douglas Hergert |
| 260 |
_aBellevue, Washington : _bMicrosoft Press, _c1985. |
||
| 300 |
_a484 p. : _bilus. |
||
| 590 |
_aBATCH-UPD _b10 _c20130110 _lUCH01 _h1936 |
||
| 590 |
_aBATCH-UPD _b10 _c20130410 _lUCH01 _h1300 |
||
| 590 |
_aBATCH-UPD _b10 _c20130914 _lUCH01 _h1140 |
||
| 590 |
_aCONVERSION _b10 _c20130109 _lUCH01 _h1344 |
||
| 650 | 1 | 4 |
_aDBase III (Programación) _931358 |
| 650 | 1 | 4 |
_aLenguajes de programación. _965989 |
| 901 | _aBK | ||
| 905 | _aBlanca M. García O. | ||
| 942 | _cLIBRO | ||
| 949 |
_a001.6424 H5 _bBC _cLIBRO _d33724000739991 _eLIBRO _h96416 _i91294 _sb |
||
| 999 |
_c79868 _d79868 |
||